<?xml version="1.0" encoding="UTF-8"?>
<record
    xmlns:xsi="http://www.w3.org/2001/XMLSchema-instance"
    xsi:schemaLocation="http://www.loc.gov/MARC21/slim http://www.loc.gov/standards/marcxml/schema/MARC21slim.xsd"
    xmlns="http://www.loc.gov/MARC21/slim">

  <leader>01072nam a22002177a 4500</leader>
  <datafield tag="999" ind1=" " ind2=" ">
    <subfield code="c">55977</subfield>
    <subfield code="d">55977</subfield>
  </datafield>
  <controlfield tag="005">20210901113403.0</controlfield>
  <controlfield tag="008">      s2551    th                  tha d</controlfield>
  <datafield tag="020" ind1=" " ind2=" ">
    <subfield code="a">9789744493866</subfield>
  </datafield>
  <datafield tag="040" ind1=" " ind2=" ">
    <subfield code="a">NALT</subfield>
  </datafield>
  <datafield tag="041" ind1=" " ind2=" ">
    <subfield code="a">tha</subfield>
  </datafield>
  <datafield tag="050" ind1=" " ind2=" ">
    <subfield code="a">JF 1358 </subfield>
    <subfield code="b">&#xE1E;343&#xE23; 2551</subfield>
  </datafield>
  <datafield tag="110" ind1="2" ind2=" ">
    <subfield code="a">&#xE2A;&#xE16;&#xE32;&#xE1A;&#xE31;&#xE19;&#xE1E;&#xE23;&#xE30;&#xE1B;&#xE01;&#xE40;&#xE01;&#xE25;&#xE49;&#xE32;.</subfield>
    <subfield code="b">&#xE2A;&#xE33;&#xE19;&#xE31;&#xE01;&#xE27;&#xE34;&#xE08;&#xE31;&#xE22;&#xE41;&#xE25;&#xE30;&#xE1E;&#xE31;&#xE12;&#xE19;&#xE32;</subfield>
    <subfield code="9">6552</subfield>
  </datafield>
  <datafield tag="245" ind1="1" ind2="0">
    <subfield code="a">&#xE23;&#xE32;&#xE07;&#xE27;&#xE31;&#xE25;&#xE41;&#xE2B;&#xE48;&#xE07;&#xE04;&#xE27;&#xE32;&#xE21;&#xE40;&#xE1B;&#xE47;&#xE19;&#xE40;&#xE25;&#xE34;&#xE28;&#xE14;&#xE49;&#xE32;&#xE19;&#xE01;&#xE32;&#xE23;&#xE1A;&#xE23;&#xE34;&#xE2B;&#xE32;&#xE23;&#xE23;&#xE32;&#xE0A;&#xE01;&#xE32;&#xE23;&#xE41;&#xE1A;&#xE1A;&#xE21;&#xE35;&#xE2A;&#xE48;&#xE27;&#xE19;&#xE23;&#xE48;&#xE27;&#xE21; /</subfield>
    <subfield code="c">&#xE2A;&#xE16;&#xE32;&#xE1A;&#xE31;&#xE19;&#xE1E;&#xE23;&#xE30;&#xE1B;&#xE01;&#xE40;&#xE01;&#xE25;&#xE49;&#xE32;. </subfield>
  </datafield>
  <datafield tag="260" ind1=" " ind2=" ">
    <subfield code="a">&#xE19;&#xE19;&#xE17;&#xE1A;&#xE38;&#xE23;&#xE35; : </subfield>
    <subfield code="b">&#xE2A;&#xE16;&#xE32;&#xE1A;&#xE31;&#xE19;&#xE1E;&#xE23;&#xE30;&#xE1B;&#xE01;&#xE40;&#xE01;&#xE25;&#xE49;&#xE32;, </subfield>
    <subfield code="c">2551.</subfield>
  </datafield>
  <datafield tag="300" ind1=" " ind2=" ">
    <subfield code="a">76 &#xE2B;&#xE19;&#xE49;&#xE32; :</subfield>
    <subfield code="b">&#xE20;&#xE32;&#xE1E;&#xE1B;&#xE23;&#xE30;&#xE01;&#xE2D;&#xE1A; ;</subfield>
    <subfield code="c">21 &#xE0B;&#xE21;.</subfield>
  </datafield>
  <datafield tag="650" ind1=" " ind2="0">
    <subfield code="a">&#xE01;&#xE32;&#xE23;&#xE1A;&#xE23;&#xE34;&#xE2B;&#xE32;&#xE23;&#xE23;&#xE31;&#xE10;&#xE01;&#xE34;&#xE08;</subfield>
    <subfield code="z">&#xE44;&#xE17;&#xE22;</subfield>
    <subfield code="9">16498</subfield>
  </datafield>
  <datafield tag="653" ind1=" " ind2="4">
    <subfield code="a">&#xE01;&#xE32;&#xE23;&#xE1A;&#xE23;&#xE34;&#xE2B;&#xE32;&#xE23;&#xE23;&#xE32;&#xE0A;&#xE01;&#xE32;&#xE23;&#xE41;&#xE1A;&#xE1A;&#xE21;&#xE35;&#xE2A;&#xE48;&#xE27;&#xE19;&#xE23;&#xE48;&#xE27;&#xE21;</subfield>
  </datafield>
  <datafield tag="850" ind1=" " ind2=" ">
    <subfield code="a">NALT</subfield>
  </datafield>
  <datafield tag="942" ind1=" " ind2=" ">
    <subfield code="c">GB</subfield>
    <subfield code="2">lcc</subfield>
  </datafield>
  <datafield tag="998" ind1=" " ind2=" ">
    <subfield code="j">1020</subfield>
    <subfield code="k"> &#xE08;&#xE33;&#xE40;&#xE23;&#xE35;&#xE22;&#xE07; &#xE23;&#xE30;&#xE27;&#xE31;&#xE07;&#xE2A;&#xE33;&#xE42;&#xE23;&#xE07;</subfield>
  </datafield>
  <datafield tag="952" ind1=" " ind2=" ">
    <subfield code="0">0</subfield>
    <subfield code="1">0</subfield>
    <subfield code="2">lcc</subfield>
    <subfield code="4">0</subfield>
    <subfield code="7">0</subfield>
    <subfield code="8">CGBL</subfield>
    <subfield code="a">NALT</subfield>
    <subfield code="b">NALT</subfield>
    <subfield code="e">&#xE1A;&#xE23;&#xE34;&#xE08;&#xE32;&#xE04;</subfield>
    <subfield code="l">0</subfield>
    <subfield code="o">JF 1358 &#xE1E;343&#xE23; 2551</subfield>
    <subfield code="p">3961173527</subfield>
    <subfield code="r">2017-06-09 00:00:00</subfield>
    <subfield code="t">&#xE09;. 2</subfield>
    <subfield code="w">2017-06-09</subfield>
    <subfield code="y">GB</subfield>
  </datafield>
  <datafield tag="952" ind1=" " ind2=" ">
    <subfield code="0">0</subfield>
    <subfield code="1">0</subfield>
    <subfield code="2">lcc</subfield>
    <subfield code="4">0</subfield>
    <subfield code="7">0</subfield>
    <subfield code="8">CGBL</subfield>
    <subfield code="a">NALT</subfield>
    <subfield code="b">NALT</subfield>
    <subfield code="e">&#xE1A;&#xE23;&#xE34;&#xE08;&#xE32;&#xE04;</subfield>
    <subfield code="l">0</subfield>
    <subfield code="o">JF 1358 &#xE1E;343&#xE23; 2551</subfield>
    <subfield code="p">3961173526</subfield>
    <subfield code="r">2017-06-09 00:00:00</subfield>
    <subfield code="t">&#xE09;. 1</subfield>
    <subfield code="w">2017-06-09</subfield>
    <subfield code="y">GB</subfield>
  </datafield>
  <datafield tag="952" ind1=" " ind2=" ">
    <subfield code="0">0</subfield>
    <subfield code="1">0</subfield>
    <subfield code="2">lcc</subfield>
    <subfield code="4">0</subfield>
    <subfield code="7">0</subfield>
    <subfield code="8">CSEN</subfield>
    <subfield code="a">NALT</subfield>
    <subfield code="b">NALT</subfield>
    <subfield code="c">GEN</subfield>
    <subfield code="d">2022-05-19</subfield>
    <subfield code="o">JF 1358 &#xE1E;343&#xE23; 2551</subfield>
    <subfield code="p">0100004997001</subfield>
    <subfield code="r">2022-09-28 00:00:00</subfield>
    <subfield code="w">2022-05-19</subfield>
    <subfield code="y">GB</subfield>
  </datafield>
</record>
